A new species of Meconopsis. (Record no. 7675)

MARC details
000 -LEADER
fixed length control field 00314nam a22001217a 4500
005 - DATE AND TIME OF LATEST TRANSACTION
control field 20190225124306.0
008 - FIXED-LENGTH DATA ELEMENTS--GENERAL INFORMATION
fixed length control field 190225b ||||| |||| 00| 0 eng d
040 ## - CATALOGING SOURCE
Transcribing agency jitshen
100 ## - MAIN ENTRY--PERSONAL NAME
Personal name Rinchen Yangzom and David Long
245 ## - TITLE STATEMENT
Title A new species of Meconopsis.
300 ## - PHYSICAL DESCRIPTION
Extent 177-181 p.
Dimensions 30 cm.
942 ## - ADDED ENTRY ELEMENTS (KOHA)
Source of classification or shelving scheme Dewey Decimal Classification
Koha item type Binder
Holdings
Withdrawn status Lost status Source of classification or shelving scheme Damaged status Not for loan Collection code Home library Current library Shelving location Date acquired Serial Enumeration / chronology Full call number Barcode Date last seen Price effective from Koha item type
    Dewey Decimal Classification     Binding Materials. RTC Library RTC Library Binding 25/02/2019 13465 333.9 YOS 30013384 25/02/2019 25/02/2019 Binder
    Dewey Decimal Classification     Binding Materials. RTC Library RTC Library Binding 25/02/2019 13464 333.9 YOS 30013108 25/02/2019 25/02/2019 Binder
Royal Thimphu College || All Right Reserved